00908nam a2200241 i 450000100060000000300090000600500170001500700030003200800410003502000180007608000100009410000320010424501420013626000470027830000220032549000380034765000300038570000330041583000460044885200330049499900170052795201220054418351ES-MaACL20250728095015.0t|011119s2001 sp ||||1| spa d a84-493-1072-5 a321.71 aGray, John (d1948-)95980014aLas dos caras del liberalismo b: una nueva interpretación de la tolerancia liberal / cJohn Gray ; [traducción de Mónica Salomon]. aBarcelona : bPaidós Ibérica, c[2001] a167 p. ; c24 cm.1 aPaidós estado y sociedad ; v8917aLiberalismo2embne9143861 aSalomón, Mónica.91020270 aPaidós estado y sociedad ; v899178635 aES-MaACLjL-25039 bR.130491 c18351d18351 00104070aATENEOMbATENEOMcDEPO2d2008-01-17eSCl0oL-25039p1018772r2023-02-23 00:00:00w2023-02-23yMONOGRAFIA